Normal view
MARC view
Entry Personal Name
001 - CONTROL NUMBER
- control field: 7083
003 - CONTROL NUMBER IDENTIFIER
- control field: OSt
005 - DATE AND TIME OF LATEST TRANSACTION
- control field: 20211028143955.0
008 - FIXED-LENGTH DATA ELEMENTS
- fixed length control field: 211028|| aca||aabn | a|a d
040 ## - CATALOGING SOURCE
- Original cataloging agency: OSt
- Transcribing agency: OSt
100 ## - HEADING--PERSONAL NAME
- Personal name: Maben, Shaila; Mascarenhas, Oswald.
- Miscellaneous information: 1116143
670 ## - SOURCE DATA FOUND
- Source citation: Work cat.: (OSt): Maben, Shaila; Mascarenhas, Oswald. 1116143, Study on various factors leading to decrease in sale of mahindra xylo with reference to Karnataka agencies Mangalore., 2013